História do Positivismo no Brasil / (Record no. 1292)

MARC details
000 -LÍDER
Campo Fixo de Controle 00761nam a2200241 a 4500
001 - NÚMERO DE CONTROLE
Campo de Controle 1292
003 - IDENTIFICAÇÃO DO NÚMERO DE CONTROLE
Campo de Controle BR-CuiBMT
005 - DATA E HORA DA ÚLTIMA ATUALIZAÇÃO
Campo de Controle 20231207230343.0
008 - DADOS FIXOS
Dados Fixos 231204s2009 dtb 001 0 por d
040 ## - AGÊNCIA CATALOGADORA
Código da Agência Catalogadora BR-CuiBMT
Agência que transcreveu o registro BR-CuiBMT
080 ## - Nº DA CLASSIFICAÇÃO DECIMAL UNIVERSAL
Nº edição CDU 2007
Nº Class. CDU 94:165.731
Subd. Auxiliar Comum (81)
090 ## - NÚMERO DE CHAMADA
Nº classificação 94:165.731(81)
Cutter L759h
100 1# - ENTRADA PRINCIPAL -- AUTOR PESSOAL
Nome pessoal Lins, Ivan,
Datas associadas ao nome 1904-1975
245 10 - TÍTULO PRINCIPAL
Título principal História do Positivismo no Brasil /
Indicação de responsabilidade Ivan Monteiro de Barros Lins.
260 ## - PUBLICAÇÃO, DISTRIBUIÇÃO, ETC.
Local de publicação Brasília :
Editora Senado Federal,
-- Conselho Editorial,
Data 2009.
300 ## - DESCRIÇÃO FÍSICA
N. páginas ou volumes 874 p. ;
Dimensões 23 cm
490 1# - INDICAÇÃO DE SÉRIE
Título da série Edições do Senado Federal ;
Volume/designação sequencial da série v. 48
504 ## - NOTA DE BIBLIOGRAFIA, ETC.
Nota de bibliografia Inclui bibliografia e índice.
650 ## - ASSUNTO TÓPICO
Cabeçalho tópico ou nome geográfico Positivismo
Subdivisão geográfica Brasil
650 ## - ASSUNTO TÓPICO
Cabeçalho tópico ou nome geográfico História
Subdivisão cronológica Brasil
830 #0 - ENTRADA SECUNDÁRIA DE SÉRIE -- TÍTULO UNIFORME
Título uniforme Edições do Senado Federal ;
Nº do volume/designação sequencial da série 48
942 ## - ELEMENTOS DE ENTRADA ADICIONAIS (KOHA)
Fonte de classificação ou esquema de arquivamento Classificação Decimal Universal
Tipo de item do Koha Livros
Holdings
Estado: removido Estado: perdido Fonte de classificação ou esquema de arquivamento Estado: danificado Indisponível para empréstimo Localização permanente Localização atual Data de aquisição Total Checkouts Número de Chamada completo Código de barras Date last seen Número do exemplar Preço efetivo a partir de Tipo de item (Koha)
    Classificação Decimal Universal     Biblioteca da Escola Superior de Contas do TCE/MT Biblioteca da Escola Superior de Contas do TCE/MT 04/12/2023   94:165.731(81) L759h BIBTCEMT23120116 04/12/2023 Ex. 1 04/12/2023 Livros

Powered by Koha